De bello bélgico prima ad excessu Caroli V. Imp. usque ad initia praefecturae Alexandri Farnesii parmae ac placentiae ducis III

Detalles Bibliográficos
Autor principal: ESTRADA, Famiano
Formato: Libro
Publicado: Roma 1648
Materias:
Colección:Banco de datos
Acervo:Biblioteca del Ex Convento de Nuestra Señora de Guadalupe. Zacatecas
Tema general:Historia Civil
Notas:Buena. XI,12,32 (3911). Ex libris manuscrito del Colegio Apostólico de Gpe., Zac.
LEADER 00800nam a22001930004500
035 |a 46239 
036 |a 7423 
100 1 |a ESTRADA, Famiano 
245 1 0 |a De bello bélgico prima ad excessu Caroli V. Imp. usque ad initia praefecturae Alexandri Farnesii parmae ac placentiae ducis III 
260 |a Roma  |b imp. Germán Scheus  |c 1648 
500 |a Buena. XI,12,32 (3911). Ex libris manuscrito del Colegio Apostólico de Gpe., Zac. 
650 1 0 |a Historia Civil 
949 |a CRZ-CG 
959 |a Ex convento de Nuestra Señora de Guadalupe, Museo Regional de Zacatecas, Zacatecas  |b CCC4 
960 |a Convento de Nuestra Señora de Guadalupe, Zacatecas  |b DD87 
961 |a Franciscana  |b OF 
942 |c CRZ-CG 
943 |g Biblioteca del Ex Convento de Nuestra Señora de Guadalupe. Zacatecas 
999 |c 970366  |d 970366